000
00290nam a2200097Ia 4500
001
698674
005
20250826162056.0
008
250824s9999 xx 000 0 und d
245
0
_a
İKİ ŞEHRİN HİKAYESİ (ANTİK DÜNYA KLASİKLERİ)
_c
CHARLES DİCKENS
260
_b
ANTİK DÜNYA KLASİKLERİ
999
_c
698674
_d
698674